LiterArte/ (Record no. 4057)

MARC details
000 -LEADER
campo de control de longitud fija 01176nam a22003257a 4500
003 - IDENTIFICADOR DE NÚMERO DE CONTROL
campo de control OSt
005 - FECHA Y HORA DE LA ÚLTIMA TRANSACCIÓN
campo de control 20230719131423.0
008 - DATOS DE LONGITUD FIJA--INFORMACIÓN GENERAL
campo de control de longitud fija 221006b |||||||| |||| 00| 0 eng d
040 ## - FUENTE DE CATALOGACIÓN
Centro/agencia transcriptor Biblioteca Lado V
082 ## - NÚMERO DE LA CLASIFICACIÓN DECIMAL DEWEY
Número de clasificación 700
Número de ítem M269l
100 ## - ENTRADA PRINCIPAL--NOMBRE DE PERSONA
9 (RLIN) 902
Nombre de persona Mancia, Henry A.
Término indicativo de función/relación editor
245 ## - MENCIÓN DEL TÍTULO
Título LiterArte/
Resto del título Cultura y Critica/
260 ## - PUBLICACIÓN, DISTRIBUCIÓN, ETC.
Fecha de publicación, distribución, etc. 1999
Nombre del editor, distribuidor, etc. Sociedad de las Artes
Lugar de publicación, distribución, etc. Hoduras
300 ## - DESCRIPCIÓN FÍSICA
Dimensiones 22x28cm
Extensión 68p.
490 ## - MENCIÓN DE SERIE
Mención de serie 5
Designación de volumen o secuencia 2
505 ## - NOTA DE CONTENIDO CON FORMATO
Nota de contenido con formato Traficante de Angeles
505 ## - NOTA DE CONTENIDO CON FORMATO
Nota de contenido con formato El arte efimero
505 ## - NOTA DE CONTENIDO CON FORMATO
Nota de contenido con formato Alexander Von Humboldt
505 ## - NOTA DE CONTENIDO CON FORMATO
Nota de contenido con formato Francisco Amighetti
505 ## - NOTA DE CONTENIDO CON FORMATO
Nota de contenido con formato INDICE
Información miscelánea POESIA<br/><br/>SONIDOS<br/><br/>INSTALA 99<br/><br/>WALTER IRAHETA<br/><br/>SILENCIO DETESTA EL COÑAC<br/><br/>RUMORES REALES
650 ## - PUNTO DE ACCESO ADICIONAL DE MATERIA--TÉRMINO DE MATERIA
Fuente del encabezamiento o término Tesauro de Arte & Arquitectura
Término de materia o nombre geográfico como elemento de entrada ARTE
650 ## - PUNTO DE ACCESO ADICIONAL DE MATERIA--TÉRMINO DE MATERIA
Fuente del encabezamiento o término Tesauro de Arte & Arquitectura
Término de materia o nombre geográfico como elemento de entrada LITERATURA
650 ## - PUNTO DE ACCESO ADICIONAL DE MATERIA--TÉRMINO DE MATERIA
Fuente del encabezamiento o término Tesauro de Arte & Arquitectura
Término de materia o nombre geográfico como elemento de entrada CULTURA
9 (RLIN) 702
650 ## - PUNTO DE ACCESO ADICIONAL DE MATERIA--TÉRMINO DE MATERIA
Fuente del encabezamiento o término Tesauro de Arte & Arquitectura
Término de materia o nombre geográfico como elemento de entrada CRITICA
650 ## - PUNTO DE ACCESO ADICIONAL DE MATERIA--TÉRMINO DE MATERIA
Fuente del encabezamiento o término Tesauro de Arte & Arquitectura
Término de materia o nombre geográfico como elemento de entrada ESPAÑOL
651 ## - PUNTO DE ACCESO ADICIONAL DE MATERIA--NOMBRE GEOGRÁFICO
Fuente del encabezamiento o término Tesauro de Arte & Arquitectura
Nombre geográfico AMERICA LATINA
700 ## - ENTRADA AGREGADA--NOMBRE PERSONAL
Nombre de persona Bustillo, Marisela
Término indicativo de función/relación editora
700 ## - ENTRADA AGREGADA--NOMBRE PERSONAL
Nombre de persona Padilla, Luis H.
Término indicativo de función/relación editor
942 ## - ELEMENTOS DE ENTRADA SECUNDARIOS (KOHA)
Fuente del sistema de clasificación o colocación Clasificación Decimal Dewey
Tipo de ítem Koha Libros
Parte de la signatura que corresponde a la clasificación (Parte de la clasificación) 700
Parte de la signatura que identifica el ejemplar (Parte del ítem) M269l
Suprimir en OPAC No
Holdings
Estatus retirado Estado de pérdida Fuente del sistema de clasificación o colocación Especificación de materiales (volumen encuadernado u otra parte) Estado de daño No para préstamo Colección Biblioteca de origen Biblioteca actual Fecha de adquisición Enumeración/cronología de publicación seriada Número de inventario Total de préstamos Signatura topográfica completa Código de barras Visto por última vez Precio de reemplazo Tipo de ítem Koha
    Clasificación Decimal Dewey 2     Revistas Biblioteca LadoV Biblioteca LadoV 19/07/2023 5 003722   700 M269l 003722 19/07/2023 19/07/2023 Libros